000 00880nam a22002771 4500
001 17822
003 BD-RjUL
005 20211209000210.0
008 140219s1968 nyuabe b 001 0 eng
035 _a(BD-RjUL)17880
040 _aDLC
_cDLC
_dDLC
_dBD-RjUL
_beng
041 _aeng
082 0 0 _a307.76
_219
_bDOE 1968
100 1 _aDoxiadēs, Cōnstantinos Apostolou,
_d1913-1975.
_954993
245 1 0 _aEkistics :
_ban introduction to the science of human settlements /
_cConstantinos A. Doxiadis.
260 _aNew York :
_bOxford University Press,
_cc1968.
300 _axxix, 527 p. :
_bill., maps, plans. ;
_c28 cm.
350 _a35.00
504 _aBibliography: p. 518-519. and index.
650 0 _aCities and towns.
_954994
650 0 _aHuman ecology.
_954995
650 0 _aRegional planning.
_954996
942 _2ddc
_cBK
999 _c17822
_d17822